| 000 | 00526nam a2200217Ia 4500 | ||
|---|---|---|---|
| 003 | 0100 | ||
| 008 | 130307s9999 xx 000 0 und d | ||
| 040 | _cARRUPELIB | ||
| 050 | _aB765.T54P26 | ||
| 100 | _aPasnau, Robert | ||
| 245 | 4 | _aThe Philosophy of Aquinas | |
| 260 | _aColarado | ||
| 260 | _bWestview | ||
| 260 | _c2003 | ||
| 300 | _a264p. | ||
| 300 | _b23cm | ||
| 440 | _aThe Wesyview histories of Philosophy | ||
| 650 | _bGreat Britain--History, Civil war | ||
| 700 | _aShields, Christopher | ||
| 942 | 0 | 0 | _03 |
| 999 |
_c100496 _d100496 |
||